000 01280nam2a2200265 4500
001 RU\NLR\BIBL_A\010681152
005 20250614084340.0
010 _a978-5-699-76135-7
_915000
021 _aRU
_b2014-99138
_96010
035 _a(NLR Aleph) 010681152
090 _a9647349
_c9647349
100 _a20150226d2015 |||y0rusy50 ca
101 1 _arus
_ceng
102 _aRU
105 _ay|||z|||000ay
200 1 _aКровь Олимпа
_e[для старшего школьного возраста
_fпер. с англ. Е. Ефимовой]
210 _aМосква
_cЭксмо
_d2015
_d[т.е. 2014]
215 _a509, [1] с.
300 _aКн. фактически изд. в 2014 г.
333 _a16+
461 0 _1001RU\NLR\bibl\1812566
_12000#$aГерои Олимпа$e[роман$eдля среднего школьного возраста]$fРик Риордан$g[пер. с англ. А. Крылова]$vКн. 5
_1700#1$aРиордан$bР.$gРик$4070
_91797070
_aРиордан, Р.
_cМосква
_d2011
_fРик Риордан
_nЭксмо
_o[роман : для среднего школьного возраста]
_tГерои Олимпа
_vКн. 5
942 _cBOOK
980 _aNB